00634nam a2200145Ia 4500008004100000020001800041041001200059082001800071100003100089245002700120260003200147300001700179500027900196650001300475231221s9999 xx 000 0 und d a9790000000000 aEnglish a659 SHE;1 R aShenkar, Oded. Luo, Yadong 0aInternational business c2004bJohn WileyaSingapore axvii+513+PC1 aThis books contain CD by H.J.de Blij and Peter O. Muller on Concepts and Regions in Geography is intended to solve students challenges in mastering an understanding of different places and peoples around the globe, and as an aid for International Business by Shenkar and Luo abusiness